|
|
|
|
| LEADER |
01697cas a2200241 a 4500 |
| 001 |
AALejournalIMF005644 |
| 008 |
230101c9999 xx r poo 0 0eng d |
| 020 |
|
|
|c 5.00 USD
|
| 020 |
|
|
|z 9781451831443
|
| 022 |
|
|
|a 1934-7685
|
| 040 |
|
|
|a BD-DhAAL
|c BD-DhAAL
|
| 110 |
2 |
|
|a International Monetary Fund.
|
| 245 |
1 |
0 |
|a Philippines :
|b Selected Issues.
|
| 264 |
|
1 |
|a Washington, D.C. :
|b International Monetary Fund,
|c 2009.
|
| 300 |
|
|
|a 1 online resource (52 pages)
|
| 490 |
1 |
|
|a IMF Staff Country Reports
|
| 500 |
|
|
|a <strong>Off-Campus Access:</strong> No User ID or Password Required
|
| 500 |
|
|
|a <strong>On-Campus Access:</strong> No User ID or Password Required
|
| 506 |
|
|
|a Electronic access restricted to authorized BRAC University faculty, staff and students
|
| 520 |
3 |
|
|a This Selected Issues paper for the Philippines has been prepared by a staff team of the International Monetary Fund as background documentation for the periodic consultation with the member country. Spillovers have been particularly prominent for countries with financial systems with high foreign bank participation, large exposures to ailing global financial institutions and structured products, and high external liabilities, including through wholesale funding. With a nascent capital market, the economy's exposure to securitization and off-balance sheet activities is limited. The presence of foreign capital remains low in both the capital market and the banking system.
|
| 538 |
|
|
|a Mode of access: Internet
|
| 830 |
|
0 |
|a IMF Staff Country Reports; Country Report ;
|v No. 2009/063
|
| 856 |
4 |
0 |
|z Full text available on IMF
|u http://elibrary.imf.org/view/journals/002/2009/063/002.2009.issue-063-en.xml
|z IMF e-Library
|